Das Zwieback Buch ungewöhnliche Rezepte von Herzhaft bis süss

Bibliographic Details
Format: Book
Language:German
PhysicalDescription:135 s. 31 cm
Published: [Niedernhausen/Ts. Falken] c1999
Subjects:

MARC

LEADER 00000nam a2200000 a 4500
001 vtls001382428
003 SK-MaSNL
005 20260301071216.0
008 240226s1999 gw a r ger
035 |a SNK000336477 
035 |a urn:nbn:sk:snk-amtkcz 
035 |a urn:nbn:sk:snk-am00c6wb 
035 |a 2A14D879-5FBD-4866-9828-BD8496147679 
040 |a SNK  |b slo  |c SNK  |e AACR2 
041 0 |a ger 
044 |a gw  |c DE 
080 |a 641.5(083.12)  |2 1981 
245 0 4 |a Das Zwieback Buch  |b ungewöhnliche Rezepte von Herzhaft bis süss 
260 |a [Niedernhausen/Ts.  |b Falken]  |c c1999  |e [Martin  |f Neografia] 
300 |a 135 s.  |c 31 cm 
650 0 7 |a jedlá  |x príprava  |x predpisy kuchárske  |2 SNK  |9 284213 
650 0 7 |a knihy kuchárske  |2 SNK  |9 283472 
958 |a OND 
999 |c 636991  |d 638921 
952 |t P60, <03>, [BOOK], {603}  |a SNK  |b SNK  |y PREZ  |7 0  |p 17A0228251  |o snkSB 61435  |i snkKSP 1777/2000  |0 0  |1 0  |4 0  |d 2000-02-09  |f 1  |l 0  |r 2025-04-15 00:00:00  |w 2026-02-23